00250nam a2200097Ia 4500008004100000100002100041245002300062260004100085300000800126650001800134191201s2002 xx 000 0 und d aCOVEY, Stephen R 0aFirst Things First aN.DelhibPocket Books London, c2002 a360 aGeneral Books